| 000 | 01663nam0a2200301 4500 | ||
|---|---|---|---|
| 001 | RU\NLR\bibl\592390 | ||
| 005 | 20260406121619.0 | ||
| 010 |
_a5-699-07728-6 _97100 |
||
| 021 |
_aRU _b2004-68456 _93375 |
||
| 035 | _a(NLR Aleph) 000584357 | ||
| 090 |
_a1672917 _c1672917 |
||
| 100 | _a20041229d2004 |||y0rusy50 ca | ||
| 101 | 0 | _arus | |
| 102 | _aRU | ||
| 105 | _ay ||||||||| | ||
| 200 | 1 |
_aЦарица любит не шутя _e[Новеллы] _fЕлена Арсеньева |
|
| 210 |
_aМ. _cЭксмо _d2004 |
||
| 215 |
_a379, [2] с. _d21 |
||
| 225 | 1 | _aИсторические новеллы о любви | |
| 327 | 1 | _aСодерж.: Вещие сны (Императрица Екатерина I); Ночь на вспаханном поле (Княгиня Ольга); Деверь и невестка (Царица Прасковья Федоровна); Первая и последняя (Царица Анастасия Романовна Захарьина); Толстая Нан (Императрица Анна Иоанновна); Белая голубка и каменная баба (Ирина и Марья Годуновы); Имя свое (Правительница Софья Алексеевна); Французский поцелуй (Императрица Елизавета Петровна) | |
| 686 | _aШ6(2=Р)75-442 | ||
| 700 | 1 |
_4070 _8rus _7ca _aАрсеньева _bЕ. А. _cписатель _f1952- _gЕлена Арсеньевна _3RU\NLR\auth\77572 _9110618 |
|
| 801 | 0 |
_aRU _bNLR _c20041229 _gPSBO |
|
| 801 | 1 |
_aRU _bNLR _c20041229 |
|
| 942 | _cBOOK | ||
| 980 | _aNB | ||